|
|
|
|
| LEADER |
00000cam a2200000 7i4500 |
| 001 |
0000053852 |
| 005 |
20151027.0 |
| 008 |
151027 |
| 020 |
|
|
|a 0600573826
|
| 090 |
0 |
0 |
|a 900
|b WIL
|
| 100 |
0 |
|
|a Williams,Brian
|
| 245 |
1 |
0 |
|a Modern World :
|b From the French revolution to the computer age
|c Brian Williams
|
| 260 |
|
|
|a London :
|b Timelink ,
|c 1993
|
| 300 |
|
|
|a 64pg.
|
| 500 |
|
|
|a Includes Index
|
| 650 |
|
0 |
|a Discoveries in science history
|
| 999 |
|
|
|a 0000926624
|b Book
|c Adult Collection
|e Cawangan Bukit Gambir
|
| 999 |
|
|
|a 0000926625
|b Book
|c Adult Collection
|e Cawangan Bukit Gambir
|
| 999 |
|
|
|a 0000926626
|b Book
|c Adult Collection
|e Cawangan Bukit Gambir
|
| 999 |
|
|
|a 0000937145
|b Book
|c Adult Collection
|e Cawangan Bandar Tenggara
|
| 999 |
|
|
|a 0000937867
|b Book
|c Adult Collection
|e Cawangan Tangkak
|
| 999 |
|
|
|a 0000937869
|b Book
|c Adult Collection
|e Cawangan Tangkak
|